|
|
|
|
| LEADER |
01524nam a2200301 a 4500 |
| 001 |
16217432 |
| 008 |
120522s2010 bg b 000 0 eng |
| 010 |
|
|
|a 2010318050
|
| 020 |
|
|
|a 9789848815168
|
| 040 |
|
|
|a DLC
|c DLC
|d DLC
|d BD-DhAAL
|
| 042 |
|
|
|a lcode
|a pcc
|
| 043 |
|
|
|a a-bg---
|a a-ii---
|
| 050 |
0 |
0 |
|a HD1698.B35
|b W35 2010
|
| 082 |
0 |
4 |
|a 553.7095492
|2 22
|
| 245 |
0 |
0 |
|a Water resource development in Bangladesh :
|b historical documents /
|c edited by Salim Rashid, Rezaur Rahman.
|
| 260 |
|
|
|a Dhaka :
|b University Press,
|c 2010.
|
| 300 |
|
|
|a 501 p. ;
|c 24 cm.
|
| 504 |
|
|
|a Includes bibliographical references.
|
| 541 |
|
|
|e 00025227
|
| 650 |
|
0 |
|a Water resources development
|z Bangladesh
|x History.
|
| 650 |
|
0 |
|a Water resources development
|z Ganges River Delta (Bangladesh and India)
|x History.
|
| 700 |
1 |
|
|a Rashid, Salim,
|d 1949-
|
| 700 |
1 |
|
|a Rahman, Rezaur.
|
| 852 |
1 |
|
|a Ayesha Abed Library
|c General shelf.
|
| 999 |
|
|
|c 12190
|d 12190
|
| 952 |
|
|
|0 0
|1 0
|2 ddc
|4 0
|6 553_709549200000000_WAT
|7 0
|9 20233
|a C3ER
|b C3ER
|c GEN
|d 2012-05-22
|e The University Press Ltd.
|g 1500.00
|l 2
|m 4
|o 553.7095492 WAT
|p 3010025227
|r 2015-11-08
|s 2014-02-24
|t 1
|w 2012-05-22
|y BK
|
| 952 |
|
|
|0 0
|1 0
|2 ddc
|4 0
|6 553_709549200000000_WAT
|7 0
|9 57993
|a BRACUL
|b BRACUL
|c GEN
|d 2016-02-10
|e Development Book Agency
|g 1350.00
|l 0
|o 553.7095492 WAT
|p 3010030880
|r 2016-02-10
|t 2
|w 2016-02-10
|y BK
|
| 952 |
|
|
|0 0
|1 0
|2 ddc
|4 0
|6 553_709549200000000_WAT
|7 0
|9 57994
|a BRACUL
|b BRACUL
|c GEN
|d 2016-02-10
|e Development Book Agency
|g 1350.00
|l 0
|o 553.7095492 WAT
|p 3010030881
|r 2016-02-10
|t 3
|w 2016-02-10
|y BK
|